Caracterización Hidrogeológica Del Distrito Municipal Zambrana Abajo / (Registro nro. 24195)
[ vista simple ]
| 000 -LEADER | |
|---|---|
| fixed length control field | 03495nam a22002897a 4500 |
| 003 - CONTROL NUMBER IDENTIFIER | |
| control field | DO-CoUTE |
| 005 - DATE AND TIME OF LATEST TRANSACTION | |
| control field | 20260516154051.0 |
| 008 - FIXED-LENGTH DATA ELEMENTS--GENERAL INFORMATION | |
| fixed length control field | 260516b dr ||||| |||| 00| 0 spa d |
| 040 ## - CATALOGING SOURCE | |
| Original cataloging agency | DO-CoUTE |
| Language of cataloging | spa |
| Transcribing agency | DO-CoUTE |
| 041 ## - LANGUAGE CODE | |
| Language code of text/sound track or separate title | spa |
| 092 ## - LOCALLY ASSIGNED DEWEY CALL NUMBER (OCLC) | |
| Classification number | GEO 2025 D35 |
| 100 1# - MAIN ENTRY--PERSONAL NAME | |
| Personal name | De La Cruz Del Rosario, Wandy Miguel |
| Relator term | Sustentante |
| 245 10 - TITLE STATEMENT | |
| Title | Caracterización Hidrogeológica Del Distrito Municipal Zambrana Abajo / |
| Statement of responsibility, etc. | Wandy Miguel De La Cruz Del Rosario, Solanlly Elisa Mendoza Soto, José Baudilio Hilario Castillo, Francisco Batista ; Asesor, Abel de Jesús Mota |
| 260 ## - PUBLICATION, DISTRIBUTION, ETC. | |
| Place of publication, distribution, etc. | Cotuí, República Dominicana ; |
| Name of publisher, distributor, etc. | UTECO, |
| Date of publication, distribution, etc. | 2025 |
| 300 ## - PHYSICAL DESCRIPTION | |
| Extent | 154 Hojas : |
| Other physical details | Imagenes ; |
| Dimensions | 23cm, |
| Accompanying material | + 1 CD-ROM |
| 502 ## - DISSERTATION NOTE | |
| Dissertation note | Trabajo de Grado (Ingeniero en Geología ) Universidad Tecnológica del Cibao Oriental, 2025.<br/> |
| 504 ## - BIBLIOGRAPHY, ETC. NOTE | |
| Bibliography, etc. note | Incluye referencia bibliográfica e índice.<br/><br/> |
| 520 ## - SUMMARY, ETC. | |
| Summary, etc. | El Distrito Municipal Zambrana Abajo se encuentra a una altitud de 70 a 100<br/>metros sobre el nivel del mar y posee una superficie de 138,01 km². La geología superficial<br/>del área está dominada principalmente por la Formación Los Ranchos, aunque también se<br/>observan afloramientos de otras unidades geológicas. En este contexto, la presente<br/>investigación se orienta a la caracterización hidrogeológica del Distrito Municipal<br/>Zambrana Abajo, con el propósito de comprender las condiciones geológicas e<br/>hidrogeológicas que controlan la disponibilidad y calidad de los recursos hídricos<br/>subterráneos.<br/>La historia geológica e hidrogeológica del área refleja la complejidad de la<br/>geología de la isla y los desafíos asociados a la explotación de aguas subterráneas y su<br/>calidad. En los últimos años, el desarrollo de la República Dominicana y el avance de la<br/>hidrogeología han estado marcados por la interacción entre factores geológicos, climáticos<br/>y estructurales, los cuales han influido en la configuración y comportamiento de los<br/>sistemas acuíferos.<br/>Los resultados evidencian la presencia de formaciones rocosas con distintos<br/>grados de permeabilidad. Los depósitos cuaternarios y algunas zonas fracturadas<br/>presentan el mayor potencial acuífero del área. Asimismo, el agua subterránea muestra<br/>variaciones significativas en sus parámetros químicos y en su calidad, permitiendo<br/>identificar tanto acuíferos con buenas condiciones como fuentes potencialmente<br/>vulnerables a procesos de contaminación, ya sea de origen natural o antrópico.<br/><br/>El modelo conceptual desarrollado proporciona un marco integral para<br/>comprender el comportamiento del agua subterránea en el Distrito Municipal Zambrana<br/>Abajo, lo que permite identificar áreas con potencial para nuevas perforaciones, así como<br/>zonas que requieren acciones correctivas por su función como sitios aportadores. En<br/>conjunto, la investigación constituye una base científica y técnica para fortalecer la gestión<br/>del recurso hídrico, mejorar el acceso al agua en las comunidades rurales del distrito y<br/>promover su uso racional y sostenible. |
| 650 #4 - SUBJECT ADDED ENTRY--TOPICAL TERM | |
| Topical term or geographic name entry element | Caracterización hidrogeológica |
| 700 1# - ADDED ENTRY--PERSONAL NAME | |
| Personal name | Wandy Miguel De La Cruz Del Rosario |
| Relator term | Sustentante |
| 700 1# - ADDED ENTRY--PERSONAL NAME | |
| Personal name | Solanlly Elisa Mendoza Soto |
| Relator term | Sustentante |
| 700 1# - ADDED ENTRY--PERSONAL NAME | |
| Personal name | José Baudilio Hilario Castillo |
| Relator term | Sustentante |
| 700 1# - ADDED ENTRY--PERSONAL NAME | |
| Personal name | Abel de Jesús Mota |
| Relator term | Asesor |
| 830 ## - SERIES ADDED ENTRY--UNIFORM TITLE | |
| Uniform title | Tesis y disertaciones académicas (Universidad Tecnológica del Cibao Oriental) |
| 856 ## - ELECTRONIC LOCATION AND ACCESS | |
| Link text | Haga Click Aquí para Descargar en Texto Completo |
| 942 ## - ADDED ENTRY ELEMENTS (KOHA) | |
| Source of classification or shelving scheme | Dewey Decimal Classification |
| Koha item type | Tesis |
| Withdrawn status | Lost status | Source of classification or shelving scheme | Damaged status | Not for loan | Collection code | Home library | Current library | Shelving location | Date acquired | Inventory number | Total Checkouts | Full call number | Barcode | Date last seen | Copy number | Price effective from | Koha item type |
|---|---|---|---|---|---|---|---|---|---|---|---|---|---|---|---|---|---|
| Dewey Decimal Classification | e-Tesis (en CD) | Biblioteca UTECO | Biblioteca UTECO | En Estantería | 05/16/2026 | 24195 | GEO 2025 D35 | 24195 | 05/16/2026 | Ej.1 | 05/16/2026 | Tesis |
